[Event "HUN-chT 2425"]
[Site "Hungary"]
[Date "2024.11.03"]
[Round "2.45"]
[White "Szalai, Kornel"]
[Black "Acs, Peter"]
[Result "0-1"]
[WhiteElo "2370"]
[BlackElo "2585"]
[PlyCount "106"]
[EventDate "2024.11.02"]
[EventType "team-tourn"]
[EventRounds "9"]
[EventCountry "HUN"]
[SourceTitle "CB45_2024"]
[Source "ChessBase"]
[SourceDate "2024.11.06"]
[SourceVersion "1"]
[SourceVersionDate "2024.11.06"]
[SourceQuality "1"]
[WhiteTeam "Mako Duocor"]
[BlackTeam "Paks"]
[WhiteTeamCountry "HUN"]
[BlackTeamCountry "HUN"]

1. Nf3 Nf6 2. c4 g6 3. Nc3 Bg7 4. g3 0-0 5. Bg2 d6 6. 0-0 e5 7. d4 Nbd7 8. Qc2 exd4 9. Nxd4 Nb6 10. Rd1 Nxc4 11. Ncb5 a6 12. Nxc7 Qxc7 13. b3 Bd7 14. Bf4 Rac8 15. Qxc4 Qa5 16. Qd3 d5 17. Be5 Rfe8 18. Bxf6 Bxf6 19. e3 Rc5 20. b4 Qxb4 21. Rab1 Qc4 22. Qa3 Bxd4 23. Rxd4 Qc2 24. Rbd1 Bc6 25. R4d2 Qc4 26. Rd4 Qb5 27. Bf3 Rc2 28. R4d2 Qc4 29. Rxc2 Qxc2 30. Rd4 h5 31. h4 Re5 32. Kg2 Kg7 33. Qa5 Rxe3 34. Rd2 Ra3 35. Qb4 Ra4 36. Rxc2 Rxb4 37. Rc5 Ra4 38. Rc2 Ra3 39. Rd2 Kf8 40. Bd1 Ke7 41. Bb3 Kd6 42. g4 hxg4 43. Kg3 f5 44. Kf4 a5 45. Kg5 a4 46. Bc4 g3 47. Bf1 d4 48. Rxd4+ Ke5 49. Rd2 f4 50. Re2+ Be4 51. f3 Rxf3 52. Rxe4+ Kxe4 53. Bg2 Ke5 0-1

[Event "HUN-ch Rapid"]
[Site "Ajka"]
[Date "2024.07.21"]
[Round "9"]
[White "Acs, Peter"]
[Black "Liu, Yi"]
[Result "1-0"]
[WhiteElo "2585"]
[BlackElo "2268"]
[PlyCount "83"]
[EventDate "2024.07.20"]
[EventType "swiss (rapid)"]
[EventRounds "11"]
[EventCountry "HUN"]
[SourceTitle "CBM 221 Extra"]
[Source "ChessBase"]
[SourceDate "2024.09.30"]
[SourceVersion "1"]
[SourceVersionDate "2024.09.30"]
[SourceQuality "1"]

1. e4 e6 2. d4 d5 3. e5 c5 4. c3 Nc6 5. Nf3 Qb6 6. Bd3 cxd4 7. 0-0 Bd7 8. Nbd2 Nge7 9. Re1 Qc7 10. Nb3 dxc3 11. bxc3 Nc8 12. Nbd4 Nxd4 13. Nxd4 Nb6 14. Nb5 Qc6 15. Rb1 Nc4 16. Nd4 Qa6 17. Qf3 Be7 18. Qg3 g5 19. Qf3 h5 20. Bxc4 Qxc4 21. Rxb7 Qa6 22. Rb3 Qxa2 23. Bb2 Qa5 24. Ra1 Qc7 25. Qe3 Rb8 26. Ba3 Rxb3 27. Nxb3 Qb6 28. Nc5 Bb5 29. Rb1 a6 30. c4 dxc4 31. Qf3 Qc6 32. Qxc6+ Bxc6 33. Rb8+ Bd8 34. Nxa6 Bd5 35. Bd6 Kd7 36. Nc5+ Kc6 37. Nb7 Bf6 38. Na5+ Kd7 39. exf6 c3 40. Rxh8 c2 41. Ba3 Kc7 42. h3 1-0

[Event "HUN-ch Rapid"]
[Site "Ajka"]
[Date "2024.07.21"]
[Round "8"]
[White "Banusz, Tamas"]
[Black "Acs, Peter"]
[Result "1-0"]
[WhiteElo "2605"]
[BlackElo "2585"]
[PlyCount "83"]
[EventDate "2024.07.20"]
[EventType "swiss (rapid)"]
[EventRounds "11"]
[EventCountry "HUN"]
[SourceTitle "CBM 221 Extra"]
[Source "ChessBase"]
[SourceDate "2024.09.30"]
[SourceVersion "1"]
[SourceVersionDate "2024.09.30"]
[SourceQuality "1"]

1. d4 Nf6 2. Nf3 g6 3. Nbd2 Bg7 4. e4 d6 5. Bb5+ c6 6. Bd3 0-0 7. 0-0 c5 8. c3 a6 9. h3 b5 10. Re1 Bb7 11. Nf1 e5 12. d5 Nh5 13. b3 Nd7 14. Bc2 h6 15. g3 Nb6 16. N1h2 Bc8 17. Kg2 Nf6 18. a4 bxa4 19. bxa4 Nc4 20. Qd3 Na5 21. c4 Bd7 22. Bd2 Rb8 23. Reb1 Qc7 24. Qc3 Rb4 25. Qd3 Rfb8 26. Bxb4 cxb4 27. Nd2 Bc8 28. c5 dxc5 29. Bb3 Ne8 30. Rc1 Nd6 31. Rc2 Nxb3 32. Qxb3 c4 33. Nxc4 Nxe4 34. Nd2 Nc3 35. Ne4 Bf5 36. f3 Qb7 37. Re1 Nxd5 38. Rd2 Bxe4 39. Rxe4 Nc3 40. Re3 h5 41. Red3 e4 42. Rd7 1-0

[Event "HUN-ch Blitz"]
[Site "Ajka"]
[Date "2024.07.19"]
[Round "2"]
[White "Acs, Peter"]
[Black "Bodi, Tibor"]
[Result "0-1"]
[WhiteElo "2585"]
[BlackElo "2305"]
[PlyCount "66"]
[EventDate "2024.07.19"]
[EventType "swiss (blitz)"]
[EventRounds "13"]
[EventCountry "HUN"]
[SourceTitle "CBM 221 Extra"]
[Source "ChessBase"]
[SourceDate "2024.09.30"]
[SourceVersion "1"]
[SourceVersionDate "2024.09.30"]
[SourceQuality "1"]

1. e4 Nf6 2. e5 Nd5 3. d4 d6 4. c4 Nb6 5. Nf3 g6 6. Nc3 Bg7 7. exd6 cxd6 8. h3 0-0 9. Bd3 e5 10. dxe5 dxe5 11. 0-0 h6 12. c5 N6d7 13. Be3 Kh7 14. Qe2 f5 15. Bc2 e4 16. Nd4 Nxc5 17. Rad1 Qh4 18. Ndb5 Ne6 19. Nd5 Na6 20. f4 exf3 21. Qxf3 Nb4 22. Nxb4 Qxb4 23. Nd6 Qxb2 24. Bb3 Nd4 25. Bxd4 Bxd4+ 26. Kh1 Bg7 27. Rf2 Qf6 28. Re2 Rd8 29. Ne8 Qa1 30. Nxg7 Kxg7 31. Kh2 Kh7 32. g3 g5 33. g4 Kg6 0-1

[Event "HUN-ch Blitz"]
[Site "Ajka"]
[Date "2024.07.19"]
[Round "4"]
[White "Acs, Peter"]
[Black "Matyassy, Lazar"]
[Result "1-0"]
[WhiteElo "2585"]
[BlackElo "2155"]
[PlyCount "95"]
[EventDate "2024.07.19"]
[EventType "swiss (blitz)"]
[EventRounds "13"]
[EventCountry "HUN"]
[SourceTitle "CBM 221 Extra"]
[Source "ChessBase"]
[SourceDate "2024.09.30"]
[SourceVersion "1"]
[SourceVersionDate "2024.09.30"]
[SourceQuality "1"]

1. e4 c5 2. Nf3 d6 3. d4 cxd4 4. Nxd4 Nf6 5. Nc3 Nc6 6. Bg5 e6 7. Qd2 a6 8. 0-0-0 Bd7 9. f3 Nxd4 10. Qxd4 Be7 11. Kb1 0-0 12. h4 Qc7 13. g4 b5 14. Qd2 b4 15. Ne2 Rfd8 16. Ng3 Be8 17. Bd3 a5 18. h5 h6 19. Be3 b3 20. cxb3 a4 21. b4 d5 22. e5 Nd7 23. f4 Qb7 24. a3 Nb6 25. Bd4 Nc4 26. Qe2 Rac8 27. Rh2 Rc7 28. Bc2 Rb8 29. Qd3 Kf8 30. Qh7 Bd8 31. f5 Bb5 32. f6 gxf6 33. exf6 Ke8 34. Qg8+ Kd7 35. Qxf7+ Kd6 36. Qf8+ Kc6 37. Re2 Qc8 38. Qg8 Kb7 39. Qxe6 Rd7 40. Qf5 Ka8 41. Qf3 Bc6 42. Bf5 Bc7 43. Bxd7 Qxd7 44. Nf5 Bb5 45. Re7 Qc6 46. Rxc7 Qxc7 47. Qxd5+ Rb7 48. Bc5 1-0

[Event "HUN-ch Blitz"]
[Site "Ajka"]
[Date "2024.07.19"]
[Round "13"]
[White "Juhasz, Agoston Botond"]
[Black "Acs, Peter"]
[Result "1-0"]
[WhiteElo "2439"]
[BlackElo "2585"]
[PlyCount "65"]
[EventDate "2024.07.19"]
[EventType "swiss (blitz)"]
[EventRounds "13"]
[EventCountry "HUN"]
[SourceTitle "CBM 221 Extra"]
[Source "ChessBase"]
[SourceDate "2024.09.30"]
[SourceVersion "1"]
[SourceVersionDate "2024.09.30"]
[SourceQuality "1"]

1. e4 c5 2. Nf3 d6 3. d4 cxd4 4. Nxd4 Nf6 5. Nc3 Nc6 6. Bb5 Bd7 7. Be3 e6 8. Qe2 Be7 9. 0-0-0 Qc7 10. Kb1 0-0 11. h4 a6 12. Nxc6 bxc6 13. Bd3 c5 14. g4 Rfb8 15. g5 Ne8 16. f4 Rb4 17. Bc4 Rab8 18. Bc1 Qa5 19. h5 Bb5 20. Bxb5 axb5 21. g6 Rc4 22. h6 fxg6 23. f5 Bf6 24. fxg6 hxg6 25. hxg7 Rxc3 26. Rh8+ Kxg7 27. Qh2 Kf7 28. Rh7+ Ng7 29. Qxd6 Ra8 30. Qd7+ Kg8 31. Rxg7+ Bxg7 32. Qxe6+ Kh7 33. Rh1+ 1-0

[Event "HUN-ch Blitz"]
[Site "Ajka"]
[Date "2024.07.19"]
[Round "11"]
[White "Palczert, Matyas"]
[Black "Acs, Peter"]
[Result "1-0"]
[WhiteElo "2345"]
[BlackElo "2585"]
[PlyCount "43"]
[EventDate "2024.07.19"]
[EventType "swiss (blitz)"]
[EventRounds "13"]
[EventCountry "HUN"]
[SourceTitle "CBM 221 Extra"]
[Source "ChessBase"]
[SourceDate "2024.09.30"]
[SourceVersion "1"]
[SourceVersionDate "2024.09.30"]
[SourceQuality "1"]

1. e4 c5 2. Nf3 d6 3. d4 cxd4 4. Nxd4 Nf6 5. Nc3 Nc6 6. Bg5 e6 7. Qd2 a6 8. Nxc6 bxc6 9. 0-0-0 Be7 10. Bxf6 gxf6 11. Bc4 h5 12. f4 a5 13. f5 Qb6 14. fxe6 fxe6 15. Bb3 Bd7 16. Qd3 Qc5 17. Kb1 Qe5 18. Na4 Rb8 19. Qa6 Qb5 20. Qa7 Rg8 21. c4 Qb4 22. c5 1-0

[Event "HUN-chT 2324"]
[Site "Hungary"]
[Date "2024.05.11"]
[Round "8.3"]
[White "Acs, Peter"]
[Black "Turcan, Richard"]
[Result "1-0"]
[WhiteElo "2567"]
[BlackElo "2402"]
[PlyCount "67"]
[EventDate "2023.10.28"]
[EventType "team-tourn"]
[EventRounds "9"]
[EventCountry "HUN"]
[SourceTitle "EXT 2025"]
[Source "ChessBase"]
[SourceDate "2024.10.14"]
[SourceVersion "1"]
[SourceVersionDate "2024.10.14"]
[SourceQuality "1"]
[WhiteTeam "Paks"]
[BlackTeam "Kekes"]
[WhiteTeamCountry "HUN"]
[BlackTeamCountry "HUN"]

1. e4 c5 2. Nf3 d6 3. Bb5+ Bd7 4. a4 Nf6 5. d3 Nc6 6. 0-0 e6 7. Nbd2 a6 8. Bxc6 Bxc6 9. Re1 Qc7 10. a5 d5 11. exd5 Bxd5 12. b3 Bd6 13. Bb2 0-0 14. Bxf6 gxf6 15. Ra4 Kh8 16. Qa1 e5 17. Ne4 Be7 18. Nh4 Bc6 19. Ra2 Qd7 20. Ng3 Rg8 21. Nhf5 Bf8 22. Ne3 Bh6 23. Nc4 Rae8 24. Qd1 Qd5 25. Re4 Bf4 26. Qe2 Qe6 27. Nh5 Bxe4 28. dxe4 Rd8 29. Ra1 f5 30. Re1 fxe4 31. Qxe4 Qg6 32. Qf3 Qxc2 33. g3 Rd3 34. Qe4 1-0